Sesame Street Characters Quiz Stats

 Plays Quiz Updated Sep 27, 2018

Score 0/25 Timer 05:00
11 Plays Today
% Correct
Cookie Monster
96.5%
Ernie
95.9%
Elmo
95.2%
Bert
95.1%
Big Bird
95%
Count von Count
89.3%
Oscar the Grouch
83.4%
Rubber Ducky
75.5%
Grover
72.3%
Aloysius Snuffleupagus
46.1%
Super Grover
44.5%
Zoe
37.6%
Baby Bear
34.5%
% Correct
Papa Bear
30.2%
Mama Bear
29.9%
Telly
28.5%
Slimey
20.2%
Guy Smiley
18.6%
Prairie Dawn
15.9%
Rosita
15.3%
Herry Monster
12.5%
Yip Yips
9.1%
The Amazing Mumford
7.5%
Curly Bear
6.7%
Grungetta
6.2%

You're not logged in!

Compare scores with friends on all Sporcle quizzes.
OR
Log In

Sporcle TV

Today on Sporcle TV


Watch our educational content, quiz creation guides, and fun videos on Sporcle TV.

Show Comments

Extras

Top Quizzes Today


Score Distribution

Your Account Isn't Verified!

In order to create a playlist on Sporcle, you need to verify the email address you used during registration. Go to your Sporcle Settings to finish the process.

Report this User

Report this user for behavior that violates our Community Guidelines.

Details: